Click the matching Pokémon - Statistics

General Stats
  • This quiz has been taken 390 times
    367 since last reset
  • The average score is 7 of 15
Answer Stats
Hint Answer % Correct
Has a palindrome for a name? Girafarig
79%
IS the first pure Grass Pokémon in the Pokedex? Tangela
78%
The first Pokémon to be a pure flying-type? Tornadus
67%
The only Fossil Pokémon Ash has ever used in the Anime? Dracovish
60%
Is the only known Pokémon to have more than one regional form? Meowth
60%
Is a part of the Legendary titans? Regice
57%
Has the lowest number of steps needed to hatch? Magikarp
55%
Is the only Pokémon to naturally learn Forest's Curse? Phantump
53%
The only Pokémon that cannot learn any status moves? Unown
45%
Is known as the Moonlight Pokémon? Umbreon
38%
The only pure ghost-type Pokémon to not have an evolutionary relative? Spectrier
35%
That loses the most weight of any Pokémon after evolution? Lunala
31%
As of Gen VII has the lowest BST of all Pokémon? Wishiwashi
29%
Is obtainable as a gift Totem Pokémon? Mimikyu
28%
Appears in every regional Pokedex? Psyduck
27%
No matching quizzes found
Score Distribution
Percent of People with Each Score
Percentile by Number Answered
Your Score History
You have not taken this quiz since the last reset